Phương pháp giải bài tập di truyền

Wedi'i Gadw mewn:
Manylion Llyfryddiaeth
Prif Awdur: Vũ Đức Lưu
Fformat: Llyfr
Cyhoeddwyd: H. Giáo dục 1997
Rhifyn:Tái bản lần 1
Pynciau:
Tagiau: Ychwanegu Tag
Dim Tagiau, Byddwch y cyntaf i dagio'r cofnod hwn!
Thư viện lưu trữ: Trung tâm Học liệu Lê Vũ Hùng, Trường Đại học Đồng Tháp
LEADER 00738pam a22002418a 4500
001 00018466
005 20171026081022.0
008 110426s1997 ||||||Viesd
020 |c 13400 
041 0 # |a Vie 
082 1 4 |a 576.5076  |b PH561PH 
100 0 # |a Vũ Đức Lưu 
245 0 0 |a Phương pháp giải bài tập di truyền  |c Vũ Đức Lưu 
250 # # |a Tái bản lần 1 
260 # # |b Giáo dục  |c 1997  |a H. 
300 # # |a 216 tr.  |c 21 cm. 
653 # # |a Bài tập 
653 # # |a Di truyền 
653 # # |a Phương pháp giải 
852 # # |b Kho đọc  |j KD.0003894 
852 # # |j KD.0003894 
910 |d 26/04/2011 
980 # # |a Trung tâm Học liệu Lê Vũ Hùng, Trường Đại học Đồng Tháp